Faculty of Law Library — Cairo University

Official Online Catalog

Arbitration rules issued by international institutions / (Record no. 64186)

MARC details
000 -LEADER
fixed length control field 01369cam a2200361 i 4500
003 - CONTROL NUMBER IDENTIFIER
control field EG-GICUC
005 - DATE AND TIME OF LATEST TRANSACTION
control field 20260225110414.0
008 - FIXED-LENGTH DATA ELEMENTS--GENERAL INFORMATION
fixed length control field 980122s1997 nyu fr 000 0 eng d
040 ## - CATALOGING SOURCE
Original cataloging agency DLC
Transcribing agency DLC
Modifying agency DLC
-- EG-GICUC
Language of cataloging eng
Description conventions rda
050 00 - LIBRARY OF CONGRESS CALL NUMBER
Classification number K2400
Item number .A48 1997
082 00 - DEWEY DECIMAL CLASSIFICATION NUMBER
Classification number 347.224
Edition number 21
092 04 - LOCALLY ASSIGNED DEWEY CALL NUMBER (OCLC)
Edition number 21
099 ## - LOCAL FREE-TEXT CALL NUMBER (OCLC)
Classification number Law 12 1997
245 00 - TITLE STATEMENT
Title Arbitration rules issued by international institutions /
Statement of responsibility, etc. [edited by] H. Smit, V. Pechota.
246 14 - VARYING FORM OF TITLE
Title proper/short title Arbitration rules--international institutions
246 18 - VARYING FORM OF TITLE
Title proper/short title International institutions rules
264 ## - PRODUCTION, PUBLICATION, DISTRIBUTION, MANUFACTURE, AND COPYRIGHT NOTICE
Place of production, publication, distribution, manufacture [Yonkers, N.Y.] :
-- [London] :
Name of producer, publisher, distributor, manufacturer Juris Pub. ;
-- Sweet & Maxwell,
Date of production, publication, distribution, manufacture, or copyright notice 1997.
300 ## - PHYSICAL DESCRIPTION
Extent vi, 332 pages ;
Dimensions 27 cm.
336 ## - CONTENT TYPE
Content type term text
Source rdacontent
337 ## - MEDIA TYPE
Media type term Computer
Source rdamedia
338 ## - CARRIER TYPE
Carrier type term Online Resource
Source rdacarrier
440 #0 - SERIES STATEMENT/ADDED ENTRY--TITLE
Title Parker School guides to international arbitration,
International Standard Serial Number 1050-3900 ;
Volume/sequential designation v. 1
500 ## - GENERAL NOTE
General note At head of title: Parker School of Foreign and Comparative Law, Columbia University.
504 ## - BIBLIOGRAPHY, ETC. NOTE
Bibliography, etc. note Includes bibliographical references.
650 #0 - SUBJECT ADDED ENTRY--TOPICAL TERM
Topical term or geographic name entry element International commercial arbitration.
650 #0 - SUBJECT ADDED ENTRY--TOPICAL TERM
Topical term or geographic name entry element Commercial courts
General subdivision Rules and practice.
700 1# - ADDED ENTRY--PERSONAL NAME
Personal name Smit, Hans.
700 1# - ADDED ENTRY--PERSONAL NAME
Personal name Pěchota, Vratislav.
710 2# - ADDED ENTRY--CORPORATE NAME
Corporate name or jurisdiction name as entry element Parker School of Foreign and Comparative Law.
856 40 - ELECTRONIC LOCATION AND ACCESS
Uniform Resource Identifier <a href="https://fll.law.cu.edu.eg/fulltext/bks/ENGB12-00035.pdf">https://fll.law.cu.edu.eg/fulltext/bks/ENGB12-00035.pdf</a>
905 ## - Cataloger and Reviser Names
Cataloger Name: Hend El khosy
942 ## - ADDED ENTRY ELEMENTS (KOHA)
Source of classification or shelving scheme Dewey Decimal Classification
Koha item type Books
Edition 21
Suppress in OPAC No
Holdings
Withdrawn status Lost status Source of classification or shelving scheme Damaged status Not for loan Collection Home library Current library Date acquired Total checkouts Full call number Barcode Date last seen Copy number Price effective from Koha item type Public note
    Dewey Decimal Classification     القانون الدولي الخاص جــــامعة القــاهرة مكتبة كلية الحقوق - المبنى الرئيسي 25.02.2026   Law1 12 347.224 SM . A 1997 1200037 C3 ENGB12-00037 25.02.2026 3 25.02.2026 Books 1153
    Dewey Decimal Classification     القانون الدولي الخاص جــــامعة القــاهرة مكتبة كلية الحقوق - فـرع الشيخ زايد 25.02.2026   Law2 12 347.224 SM . A 1997 1200035 C1 ENGB12-00035 25.02.2026 1 25.02.2026 Books 361
    Dewey Decimal Classification     القانون الدولي الخاص جــــامعة القــاهرة مكتبة كلية الحقوق - فـرع الشيخ زايد 25.02.2026   Law2 12 347.224 SM . A 1997 1200036 C2 ENGB12-00036 25.02.2026 2 25.02.2026 Books 362

© All rights reserved — Faculty of Law, Cairo University